[Event "Stay Safe Play From Home 357"]
[Site "Emanuel Lasker Arena"]
[Date "2020.08.04"]
[Round "3"]
[White "Padmaesh M K"]
[Black "Timbre"]
[Result "1-0"]
[WhiteElo "1749"]
[BlackElo "1618"]
[Annotator "NA RC"]
[PlyCount "57"]
[EventDate "2020.08.04"]
[EventType "swiss (blitz)"]

1. d4 {[%emt 0:00:04]} d5 {[%emt 0:00:03]} 2. Nf3 {[%emt 0:00:02]} c6 {[%emt 0:00:01]} 3. c4 {[%emt 0:00:01]} Bf5 {[%emt 0:00:02]} 4. cxd5 {[%emt 0:00:00]} cxd5 {[%emt 0:00:02]} 5. Nc3 {[%emt 0:00:01]} Nc6 {[%emt 0:00:02]} 6. Bf4 {[%emt 0:00:01]} a6 {[%emt 0:00:02]} 7. e3 {[%emt 0:00:02]} e6 {[%emt 0:00:01]} 8. Be2 {[%emt 0:00:07]} Bd6 {[%emt 0:00:07]} 9. Qb3 {[%emt 0:00:08]} Rb8 {[%emt 0:00:05]} 10. Ne5 {[%emt 0:00:10]} Bxe5 {[%emt 0:00:05]} 11. dxe5 {[%emt 0:00:06]} Nge7 {[%emt 0:00:03]} 12. O-O {[%emt 0:00:03]} O-O {[%emt 0:00:02]} 13. Bg3 {[%emt 0:00:16]} d4 {[%emt 0:00:02]} 14. exd4 {[%emt 0:00:04]} Nxd4 {[%emt 0:00:02]} 15. Qb4 {[%emt 0:00:12]} Nxe2+ {[%emt 0:00:05]} 16. Nxe2 {[%emt 0:00:03]} Nd5 {[%emt 0:00:03]} 17. Qd6 {[%emt 0:00:05]} Qa5 {[%emt 0:00:06]} 18. Qa3 {[%emt 0:00:32]} Qb5 {[%emt 0:00:11]} 19. Nd4 {[%emt 0:00:02]} Qe8 {[%emt 0:00:08]} 20. Nxf5 {[%emt 0:00:01]} exf5 {[%emt 0:00:02]} 21. e6 {[%emt 0:00:05]} fxe6 {[%emt 0:00:08]} 22. Bxb8 {[%emt 0:00:02]} Qxb8 {[%emt 0:00:03]} 23. Rfe1 {[%emt 0:00:00]} Re8 {[%emt 0:00:05]} 24. Rad1 {[%emt 0:00:02]} Nf6 {[%emt 0:00:03]} 25. Qb3 {[%emt 0:00:01]} Qc8 {[%emt 0:00:05]} 26. Rc1 {[%emt 0:00:03]} Qb8 {[%emt 0:00:05]} 27. Rxe6 {[%emt 0:00:03]} Rxe6 {[%emt 0:00:07]} 28. Qxe6+ {[%emt 0:00:00]} Kh8 {[%emt 0:00:02]} 29. Rc8+ {[%emt 0:00:03] Timbre resigns Timbre resigns Timbre resigns Timbre resigns Timbre resigns (Lag: Av=0.50s, max=1.2s) (Lag: Av=0.50s, max=1.2s) (Lag: Av=0.50s, max=1.2s) (Lag: Av=0.50s, max=1.2s) (Lag: Av=0.50s, max=1.2s)} 1-0

[Event "Stay Safe Play From Home 357"]
[Site "Emanuel Lasker Arena"]
[Date "2020.08.04"]
[Round "3"]
[White "Joroger"]
[Black "Haxhi Baha"]
[Result "0-1"]
[WhiteElo "1679"]
[BlackElo "1985"]
[Annotator "TA"]
[PlyCount "80"]
[EventDate "2020.08.04"]
[EventType "swiss (blitz)"]

{[%evp 12,80,35,44,115,42,37,26,108,54,164,92,93,91,90,47,72,37,43,25,37,11,1,-101,-95,-175,-167,-494,-495,-714,-718,-705,-686,-698,-384,-363,-144,-455,-454,-445,-255,-256,-172,-249,-236,-255,-158,-168,-118,-111,316,319,316,306,293,311,303,301,306,210,198,184,183,151,141,-170,-175,-29998,-29968,-5385,-5293]} 1. d4 d5 2. c4 e5 3. dxe5 d4 4. Nf3 Nc6 5. g3 Nge7 6. Bg2 Ng6 7. O-O Bg4 {D09: Albin Counter Gambit: Main line with 5 g3.} (7... Be7 $14) 8. Nbd2 ({White should play} 8. Qa4 $16) 8... Qd7 $14 9. Qa4 O-O-O (9... Be7 $11) 10. a3 ({White should try} 10. b4 $16 {And now b5 would win.} Kb8 11. c5) 10... Bh3 (10... Kb8 $14) 11. b4 (11. e6 $1 $18 {[%cal Re6d7]} Bxe6 12. b4) 11... Bxg2 $16 12. Kxg2 Kb8 13. Bb2 {b5 is the strong threat.} Qg4 {[#]} 14. Rfe1 $146 ({Predecessor:} 14. e3 dxe3 15. fxe3 Ncxe5 16. Bd4 Nc6 17. Rae1 Be7 18. Rf2 h5 19. h3 Qd7 20. b5 Nxd4 21. Nxd4 {0-1 (41) Skorpik,M (2140)-Smutny,J (2150) Czechia 2000}) 14... Be7 15. Qc2 Nf4+ 16. Kg1 {White wants to play b5.} Nxe2+ 17. Kg2 (17. Rxe2 $11 {keeps the balance.} d3 {[%mdl 64] Double Attack} 18. Re4 Qxe4 19. Qc3) 17... d3 $17 18. Qb3 (18. Qd1 $17) 18... h5 $36 {[%mdl 2048] White must now prevent ...h4. Black is really pushing.} 19. b5 $2 (19. Rxe2 {nothing else works.} dxe2 20. b5) 19... Na5 20. Qd1 (20. Qa4 $142 h4 21. Rxe2 h3+ 22. Kg1 dxe2 23. e6) 20... h4 {Threatens to win with ...hxg3.} 21. Rxe2 dxe2 22. Qxe2 hxg3 23. fxg3 {[#]} Bg5 $2 (23... Rxd2 $1 $19 {[%mdl 512]} 24. Qxd2 Nb3 {[%mdl 64] Double Attack}) 24. Bc3 $2 {[%mdl 8192]} (24. Ne4 $17 {was the crucial defense.} Be7 25. Bc3) 24... Bxd2 25. Bxd2 {[#]} Nxc4 (25... Rxd2 $142 $1 {[%mdl 512]} 26. Qxd2 {[#]} Nb3 $1 {[%mdl 576] Double Attack}) 26. Bf4 {[#]} g5 $1 27. Bxg5 (27. Qxc4 $142 gxf4 28. Qxf4 Qh3+ 29. Kf2) (27. Nxg5 Qxe2+) 27... Rd5 {Hoping for ...Nxe5!} 28. Bf4 Nb6 29. Rc1 Qh3+ 30. Kg1 Rhd8 $2 {[%mdl 8192]} (30... Qf5 $17 31. Ng5 Rd4) 31. e6 $1 $18 fxe6 32. Bxc7+ Ka8 {aiming for ...Rc8.} 33. Bxd8 Rxd8 34. Ng5 Qf5 35. Ne4 Nd5 36. Rf1 Qe5 37. Qf3 Qd4+ 38. Kg2 $2 {[%mdl 8192]} (38. Rf2 $16 {keeps the pressure on.}) 38... Ne3+ $19 {[%mdl 64] Double Attack} 39. Kh3 $2 (39. Kg1 $19 Nxf1+ 40. Kxf1) 39... Nxf1 40. Qxf1 Qxe4 {Accuracy: White = 28%, Black = 46%.} 0-1

[Event "Stay Safe Play From Home 357"]
[Site "Emanuel Lasker Arena"]
[Date "2020.08.04"]
[Round "4"]
[White "Haris kollari 13"]
[Black "Haxhi Baha"]
[Result "0-1"]
[WhiteElo "1907"]
[BlackElo "1990"]
[Annotator "NA RC"]
[PlyCount "75"]
[EventDate "2020.08.04"]
[EventType "swiss (blitz)"]

1. e4 {[%emt 0:00:02]} c5 {[%emt 0:00:03]} 2. Nf3 {[%emt 0:00:02]} Nc6 {[%emt 0:00:00]} 3. d4 {[%emt 0:00:01]} cxd4 {[%emt 0:00:00]} 4. Nxd4 {[%emt 0:00:00]} g6 {[%emt 0:00:01]} 5. Nc3 {[%emt 0:00:01]} Bg7 {[%emt 0:00:01]} 6. Be3 {[%emt 0:00:01]} Nf6 {[%emt 0:00:01]} 7. Be2 {[%emt 0:00:01]} O-O {[%emt 0:00:06]} 8. Qd2 {[%emt 0:00:01]} d5 {[%emt 0:00:01]} 9. Nxc6 {[%emt 0:00:02]} bxc6 {[%emt 0:00:02]} 10. exd5 {[%emt 0:00:01]} cxd5 {[%emt 0:00:02]} 11. O-O-O {[%emt 0:00:13]} Qa5 {[%emt 0:00:26]} 12. Kb1 {[%emt 0:00:19]} Rd8 {[%emt 0:00:01]} 13. Bf3 {[%emt 0:00:05]} Be6 {[%emt 0:00:16]} 14. Nxd5 {[%emt 0:00:03]} Rxd5 {[%emt 0:00:07]} 15. Bxd5 {[%emt 0:00:02]} Qxd5 {[%emt 0:00:09]} 16. Qxd5 {[%emt 0:00:02]} Nxd5 {[%emt 0:00:00]} 17. Bc5 {[%emt 0:00:02]} Rb8 {[%emt 0:00:04]} 18. Ba3 {[%emt 0:00:02]} Nc3+ {[%emt 0:00:03]} 19. Ka1 {[%emt 0:00:04]} Nxd1 {[%emt 0:00:02]} 20. Rxd1 {[%emt 0:00:01]} Bf6 {[%emt 0:00:04]} 21. c3 {[%emt 0:00:01]} h5 {[%emt 0:00:05]} 22. f3 {[%emt 0:00:01]} g5 {[%emt 0:00:01]} 23. h3 {[%emt 0:00:02]} Rb7 {[%emt 0:00:07]} 24. Bc5 {[%emt 0:00:05]} a6 {[%emt 0:00:02]} 25. Rd8+ {[%emt 0:00:07]} Kg7 {[%emt 0:00:03]} 26. Kb1 {[%emt 0:00:08]} Rd7 {[%emt 0:00:02]} 27. Ra8 {[%emt 0:00:03]} Bf5+ {[%emt 0:00:02]} 28. Kc1 {[%emt 0:00:03]} Be5 {[%emt 0:00:01]} 29. Be3 {[%emt 0:00:04]} Bf4 {[%emt 0:00:10]} 30. Bxf4 {[%emt 0:00:01]} gxf4 {[%emt 0:00:00]} 31. Rxa6 {[%emt 0:00:01]} e5 {[%emt 0:00:17]} 32. a4 {[%emt 0:00:02]} e4 {[%emt 0:00:01]} 33. fxe4 {[%emt 0:00:01]} Bxe4 {[%emt 0:00:00]} 34. Ra5 {[%emt 0:00:05]} Kg6 {[%emt 0:00:06]} 35. Ra6+ {[%emt 0:00:11]} f6 {[%emt 0:00:02]} 36. a5 {[%emt 0:00:01]} Bxg2 {[%emt 0:00:01]} 37. h4 {[%emt 0:00:01]} f3 {[%emt 0:00:02]} 38. Ra7 {[%emt 0:00:17] Haris kollari 13 resigns Haris kollari 13 resigns Haris kollari 13 resigns Haris kollari 13 resigns Haris kollari 13 resigns (Lag: Av=0.91s, max=2.8s) (Lag: Av=0.91s, max=2.8s) (Lag: Av=0.91s, max=2.8s) (Lag: Av=0.91s, max=2.8s) (Lag: Av=0.91s, max=2.8s)} 0-1

[Event "Stay Safe Play From Home 357"]
[Site "Emanuel Lasker Arena"]
[Date "2020.08.04"]
[Round "4"]
[White "All4tactics"]
[Black "Dukic"]
[Result "0-1"]
[WhiteElo "1862"]
[BlackElo "1954"]
[Annotator "TA"]
[PlyCount "56"]
[EventDate "2020.08.04"]
[EventType "swiss (blitz)"]

{[%evp 10,56,51,35,41,35,33,0,0,0,19,0,0,2,24,23,83,83,94,91,98,90,83,37,84,78,77,-133,-150,-262,-259,-277,-41,-304,-285,-278,-280,-271,-263,-341,-314,-352,-98,-553,-456,-797,-785,-964,-956]} 1. e4 d6 2. d4 Nd7 3. Nc3 e5 4. Nf3 Ngf6 5. Bc4 h6 6. Be3 Be7 {C41: Philidor Defence.} 7. h3 c6 8. Qd2 b5 {The position is equal.} 9. Bd3 Bb7 {[#]} 10. a4 $146 ({Predecessor:} 10. Ne2 a6 11. Ng3 exd4 12. Nxd4 g6 13. f4 c5 14. Nf3 c4 15. Be2 Bxe4 16. O-O {0-1 (52) Zila,L (2286)-Szemeti,A (2183) Hungary 2003}) 10... b4 11. Ne2 $36 {[%cal Bc3e2,Be2g3,Bg3f5][%mdl 2080] White is more active.} c5 12. d5 a6 (12... c4 $11 {keeps the balance.} 13. Bxc4 Nxe4 14. Qxb4 Qc7) 13. Ng3 $16 Qc7 14. b3 a5 15. Nf5 Bf8 16. Qe2 Qb6 17. g4 Ba6 {White should prevent ...Nxe4!} 18. O-O $2 {[#]} (18. Ng3 $16) 18... Nxe4 $1 $17 {Strongly threatening ...Nc3.} 19. Rae1 (19. Bd2 $17 Nef6 20. Ne3) 19... Nc3 $19 20. Qd2 f6 $2 (20... Nxd5 21. Bxa6 Nxe3 22. Bb5 $11) ({Black should play} 20... Bb7 $19 21. Bc4 Nf6) 21. Bb5 $2 {[%mdl 8192]} ({White should try} 21. N3h4 $15) 21... Nxb5 22. axb5 Bxb5 23. N3h4 Kf7 24. c4 bxc3 $1 25. Qc2 {and the idea Nxg7! leaves White hopeful.} g5 $2 {[#]} (25... Rg8 $19 {has better winning chances.} 26. Ng3 g5) 26. Nf3 $2 {[%mdl 8192]} (26. Nxd6+ $1 $17 {[%mdl 512] was the crucial defense.} Bxd6 (26... Qxd6 27. Qg6+) 27. Qg6+ Ke7 28. Qg7+ Kd8 29. Qxh8+ Bf8 30. Nf5) 26... a4 {[%cal Ba5a4,Ba4b3][%mdl 32] Black is clearly winning.} 27. Ra1 (27. bxa4 $142 Bxf1 28. Rxf1) 27... Bxf1 28. Kxf1 axb3 {Accuracy: White = 38%, Black = 60%.} 0-1

[Event "Stay Safe Play From Home 357"]
[Site "Emanuel Lasker Arena"]
[Date "2020.08.04"]
[Round "4"]
[White "Leonardo Ruiz"]
[Black "Dreamsoldier"]
[Result "1-0"]
[WhiteElo "1620"]
[BlackElo "1335"]
[Annotator "NA RC"]
[PlyCount "61"]
[EventDate "2020.08.04"]
[EventType "swiss (blitz)"]

1. d4 {[%emt 0:00:05]} Nf6 {[%emt 0:00:00]} 2. Nf3 {[%emt 0:00:02]} d5 {[%emt 0:00:05]} 3. c4 {[%emt 0:00:02]} dxc4 {[%emt 0:00:09]} 4. e3 {[%emt 0:00:02]} Bg4 {[%emt 0:00:01]} 5. Bxc4 {[%emt 0:00:02]} e6 {[%emt 0:00:01]} 6. O-O {[%emt 0:00:02]} Bd6 {[%emt 0:00:01]} 7. Nc3 {[%emt 0:00:01]} O-O {[%emt 0:00:01]} 8. h3 {[%emt 0:00:01]} Bh5 {[%emt 0:00:01]} 9. a3 {[%emt 0:00:03]} Nc6 {[%emt 0:00:01]} 10. Qe2 {[%emt 0:00:02]} Ne7 {[%emt 0:00:02]} 11. Rd1 {[%emt 0:00:02]} Bg6 {[%emt 0:00:01]} 12. b4 {[%emt 0:00:04]} Nf5 {[%emt 0:00:21]} 13. e4 {[%emt 0:00:05]} Nxd4 {[%emt 0:00:07]} 14. Nxd4 {[%emt 0:00:04]} Qe7 {[%emt 0:00:01]} 15. e5 {[%emt 0:00:08]} Bxe5 {[%emt 0:00:03]} 16. Qxe5 {[%emt 0:00:03]} Nd7 {[%emt 0:00:00]} 17. Qe2 {[%emt 0:00:04]} Nb6 {[%emt 0:00:01]} 18. Bb3 {[%emt 0:00:03]} Rad8 {[%emt 0:00:14]} 19. Bb2 {[%emt 0:00:02]} Qh4 {[%emt 0:00:54]} 20. Nf3 {[%emt 0:00:06]} Qe7 {[%emt 0:00:03]} 21. Ne4 {[%emt 0:00:10]} a6 {[%emt 0:00:28]} 22. Nc5 {[%emt 0:00:03]} Rb8 {[%emt 0:00:02]} 23. Rac1 {[%emt 0:00:10]} Rfd8 {[%emt 0:00:06]} 24. Qe5 {[%emt 0:00:03]} Rxd1+ {[%emt 0:00:04]} 25. Rxd1 {[%emt 0:00:05]} f6 {[%emt 0:00:00]} 26. Bxe6+ {[%emt 0:00:11]} Kh8 {[%emt 0:00:03]} 27. Qd4 {[%emt 0:00:06]} Re8 {[%emt 0:00:12]} 28. Nh4 {[%emt 0:00:05]} Bf7 {[%emt 0:00:02]} 29. Nf5 {[%emt 0:00:04]} Qxe6 {[%emt 0:00:02]} 30. Nxe6 {[%emt 0:00:03]} Bxe6 {[%emt 0:00:00]} 31. Ne3 {[%emt 0:00:06] Dreamsoldier terk eder Dreamsoldier terk eder Dreamsoldier terk eder Dreamsoldier terk eder Dreamsoldier terk eder} 1-0

[Event "Stay Safe Play From Home 357"]
[Site "Emanuel Lasker Arena"]
[Date "2020.08.04"]
[Round "4"]
[White "Klasman"]
[Black "Timbre"]
[Result "0-1"]
[WhiteElo "1554"]
[BlackElo "1607"]
[Annotator "NA RC"]
[PlyCount "94"]
[EventDate "2020.08.04"]
[EventType "swiss (blitz)"]

1. f4 {[%emt 0:00:02]} d5 {[%emt 0:00:03]} 2. e3 {[%emt 0:00:02]} c6 {[%emt 0:00:01]} 3. Nf3 {[%emt 0:00:02]} Nf6 {[%emt 0:00:01]} 4. d4 {[%emt 0:00:02]} Bg4 {[%emt 0:00:03]} 5. c4 {[%emt 0:00:01]} e6 {[%emt 0:00:01]} 6. Qb3 {[%emt 0:00:03]} Qc7 {[%emt 0:00:03]} 7. Ne5 {[%emt 0:00:02]} Nbd7 {[%emt 0:00:03]} 8. Nxg4 {[%emt 0:00:06]} Nxg4 {[%emt 0:00:03]} 9. Be2 {[%emt 0:00:04]} Ngf6 {[%emt 0:00:02]} 10. O-O {[%emt 0:00:02]} Be7 {[%emt 0:00:01]} 11. Nc3 {[%emt 0:00:01]} O-O {[%emt 0:00:02]} 12. Bd2 {[%emt 0:00:02]} dxc4 {[%emt 0:00:01]} 13. Bxc4 {[%emt 0:00:02]} Nd5 {[%emt 0:00:01]} 14. Rac1 {[%emt 0:00:12]} Nxc3 {[%emt 0:00:02]} 15. Bxc3 {[%emt 0:00:07]} Nf6 {[%emt 0:00:02]} 16. Bd3 {[%emt 0:00:04]} Nd5 {[%emt 0:00:04]} 17. Rf3 {[%emt 0:00:09]} Nxc3 {[%emt 0:00:05]} 18. bxc3 {[%emt 0:00:04]} Bf6 {[%emt 0:00:01]} 19. Qc2 {[%emt 0:00:02]} g6 {[%emt 0:00:02]} 20. Rh3 {[%emt 0:00:10]} Bg7 {[%emt 0:00:02]} 21. Qf2 {[%emt 0:00:05]} f5 {[%emt 0:00:05]} 22. Qh4 {[%emt 0:00:02]} Bf6 {[%emt 0:00:03]} 23. Qh6 {[%emt 0:00:16]} Qg7 {[%emt 0:00:02]} 24. Rf1 {[%emt 0:00:07]} Qxh6 {[%emt 0:00:04]} 25. Rxh6 {[%emt 0:00:01]} Rf7 {[%emt 0:00:02]} 26. Rb1 {[%emt 0:00:12]} b6 {[%emt 0:00:03]} 27. Rh3 {[%emt 0:00:06]} Rc8 {[%emt 0:00:03]} 28. a4 {[%emt 0:00:03]} c5 {[%emt 0:00:02]} 29. a5 {[%emt 0:00:02]} cxd4 {[%emt 0:00:02]} 30. cxd4 {[%emt 0:00:10]} bxa5 {[%emt 0:00:03]} 31. Ra1 {[%emt 0:00:07]} Rc3 {[%emt 0:00:03]} 32. Bf1 {[%emt 0:00:17]} Rfc7 {[%emt 0:00:03]} 33. Rxa5 {[%emt 0:00:03]} Rc1 {[%emt 0:00:07]} 34. Rf3 {[%emt 0:00:06]} Kg7 {[%emt 0:00:07]} 35. g3 {[%emt 0:00:03]} R1c3 {[%emt 0:00:09]} 36. h4 {[%emt 0:00:11]} h5 {[%emt 0:00:03]} 37. Ra6 {[%emt 0:00:07]} Bxd4 {[%emt 0:00:03]} 38. exd4 {[%emt 0:00:25]} Rxf3 {[%emt 0:00:03]} 39. Kg2 {[%emt 0:00:07]} Rfc3 {[%emt 0:00:08]} 40. Rxe6 {[%emt 0:00:02]} a5 {[%emt 0:00:03]} 41. d5 {[%emt 0:00:03]} Rd7 {[%emt 0:00:05]} 42. d6 {[%emt 0:00:06]} Rc2+ {[%emt 0:00:07]} 43. Kf3 {[%emt 0:00:08]} Kf7 {[%emt 0:00:03]} 44. Re5 {[%emt 0:00:08]} Rxd6 {[%emt 0:00:02]} 45. Rxa5 {[%emt 0:00:03]} Rc7 {[%emt 0:00:07]} 46. Re5 {[%emt 0:00:05]} Kg7 {[%emt 0:00:02]} 47. Be2 {[%emt 0:00:06]} Rf6 {[%emt 0:00:03] Time Time Time Time Time (Lag: Av=0.60s, max=1.0s) (Lag: Av=0.60s, max=1.0s) (Lag: Av=0.60s, max=1.0s) (Lag: Av=0.60s, max=1.0s) (Lag: Av=0.60s, max=1.0s) . . . . .} 0-1

[Event "Stay Safe Play From Home 357"]
[Site "Emanuel Lasker Arena"]
[Date "2020.08.04"]
[Round "4"]
[White "Stepmaker"]
[Black "Joroger"]
[Result "0-1"]
[WhiteElo "1504"]
[BlackElo "1674"]
[Annotator "NA RC"]
[PlyCount "74"]
[EventDate "2020.08.04"]
[EventType "swiss (blitz)"]

1. d4 {[%emt 0:00:04]} d5 {[%emt 0:00:01]} 2. c4 {[%emt 0:00:01]} c6 {[%emt 0:00:01]} 3. Nc3 {[%emt 0:00:01]} Nf6 {[%emt 0:00:03]} 4. Bg5 {[%emt 0:00:01]} Nbd7 {[%emt 0:00:02]} 5. Nf3 {[%emt 0:00:01]} e6 {[%emt 0:00:01]} 6. e3 {[%emt 0:00:02]} Be7 {[%emt 0:00:02]} 7. c5 {[%emt 0:00:01]} O-O {[%emt 0:00:03]} 8. Bd3 {[%emt 0:00:01]} e5 {[%emt 0:00:10]} 9. Bf5 {[%emt 0:00:03]} exd4 {[%emt 0:00:09]} 10. exd4 {[%emt 0:00:03]} Re8 {[%emt 0:00:04]} 11. O-O {[%emt 0:00:01]} Nf8 {[%emt 0:00:01]} 12. Bd3 {[%emt 0:00:05]} Ne4 {[%emt 0:00:04]} 13. Bxe7 {[%emt 0:00:05]} Qxe7 {[%emt 0:00:01]} 14. Re1 {[%emt 0:00:06]} Bg4 {[%emt 0:00:04]} 15. Nxe4 {[%emt 0:00:05]} dxe4 {[%emt 0:00:01]} 16. Rxe4 {[%emt 0:00:02]} Qd7 {[%emt 0:00:01]} 17. Rxe8 {[%emt 0:00:05]} Rxe8 {[%emt 0:00:00]} 18. h3 {[%emt 0:00:08]} Bh5 {[%emt 0:00:06]} 19. g4 {[%emt 0:00:02]} Bg6 {[%emt 0:00:01]} 20. Ne5 {[%emt 0:00:14]} Qe7 {[%emt 0:00:09]} 21. f4 {[%emt 0:00:15]} Bxd3 {[%emt 0:00:15]} 22. Qxd3 {[%emt 0:00:04]} Ne6 {[%emt 0:00:13]} 23. f5 {[%emt 0:00:09]} Nc7 {[%emt 0:00:02]} 24. Re1 {[%emt 0:00:04]} Nd5 {[%emt 0:00:06]} 25. Nf3 {[%emt 0:00:06]} Qd8 {[%emt 0:00:02]} 26. Rxe8+ {[%emt 0:00:03]} Qxe8 {[%emt 0:00:00]} 27. Ne5 {[%emt 0:00:05]} Qe7 {[%emt 0:00:11]} 28. Kh2 {[%emt 0:00:15]} Qh4 {[%emt 0:00:12]} 29. Qf3 {[%emt 0:00:05]} Qe1 {[%emt 0:00:13]} 30. Nd3 {[%emt 0:00:09]} Qd2+ {[%emt 0:00:10]} 31. Kg3 {[%emt 0:00:04]} h5 {[%emt 0:00:35]} 32. a3 {[%emt 0:00:13]} Ne3 {[%emt 0:00:05]} 33. Qe4 {[%emt 0:00:30]} Nf1+ {[%emt 0:00:27]} 34. Kh4 {[%emt 0:00:09]} Kh7 {[%emt 0:00:06]} 35. f6+ {[%emt 0:00:03]} g6 {[%emt 0:00:01]} 36. gxh5 {[%emt 0:00:04]} Kh6 {[%emt 0:00:16]} 37. hxg6 {[%emt 0:00:02]} Qg5# {[%emt 0:00:02] Mate Mate Mate Mate Mate} 0-1

[Event "Stay Safe Play From Home 357"]
[Site "Emanuel Lasker Arena"]
[Date "2020.08.04"]
[Round "5"]
[White "Haxhi Baha"]
[Black "Dukic"]
[Result "1-0"]
[WhiteElo "2003"]
[BlackElo "1967"]
[Annotator "TA"]
[PlyCount "107"]
[EventDate "2020.08.04"]
[EventType "swiss (blitz)"]

{[%evp 9,107,52,77,81,82,52,67,69,67,26,31,19,36,0,29,-29,-24,-46,75,74,69,50,78,75,69,60,91,74,114,113,117,-40,0,0,0,0,391,393,373,367,356,-176,589,569,542,538,723,647,898,890,1010,943,1891,1887,2436,2318,3251,3497,29985,29986,29986,3108,29987,29988,29986,4794,4596,3225,29983,29984,29991,6667,5285,3395,29988,29989,29993,29991,29991,29987,29982,4841,4841,4841,4789,4744,2035,1322,1083,1052,4718,4718,5022,2629,1454,916,4821,232,29986,29972]} 1. e4 c6 2. Nf3 d6 3. Nc3 Bg4 4. h3 Bh5 5. d4 Nd7 6. g4 {B10: Caro-Kann: 2 d3 and 2 c4.} Bg6 7. Bd3 e5 {[#]} 8. Be3 $146 {White is slightly better.} ({Predecessor:} 8. Qe2 Qb6 9. dxe5 dxe5 10. Bd2 Bd6 11. O-O-O Ne7 12. Nh4 Qc7 13. Nf5 Bxf5 14. exf5 {½-½ (56) Kreisl,R (2440)-Plat,V (2567) Katowice 2017}) 8... Be7 9. h4 {Strongly threatening h5.} h6 $1 10. h5 Bh7 11. Qd2 Ngf6 12. g5 ({Better is} 12. Rg1) 12... hxg5 $11 13. Nxg5 Bg8 (13... Ng4 $15 {stays ahead.} 14. Nxh7 Rxh7) 14. Be2 $16 Qa5 15. O-O-O O-O-O 16. Kb1 Kb8 17. f4 $36 {[%mdl 2048] White is more active.} Ne8 18. d5 Nc7 19. dxc6 (19. fxe5 {is interesting.} Nxe5 20. Nf3 Nxf3 21. Bxf3 c5 22. Rdg1) 19... bxc6 20. Bg4 $2 (20. Nf3 $16) 20... Nb6 (20... f6 {feels hotter.} 21. Nf3 Nb5 22. a4 Nxc3+ 23. Qxc3 Qxc3 24. bxc3 Nb6) 21. Bxb6 axb6 22. fxe5 dxe5 $2 {[%mdl 8192]} (22... f6 $11 23. Nf3 fxe5) 23. Qxd8+ $1 $18 Bxd8 24. Rxd8+ Kb7 {[#] ...f5! is the strong threat.} 25. a3 $4 {[%mdl 8192] [#]} (25. Nxf7 $1 $18 {[%mdl 512] avoids the disaster.} Bxf7 26. Rxh8) 25... f6 $4 {[%mdl 8192]} (25... f5 $1 $19 {[%cal Rf5g4][%mdl 512] and life is good for Black.} 26. Bxf5 (26. exf5 Ba2+) 26... Ba2+ $1 {[%mdl 576] Discovered Attack} 27. Nxa2 Rxd8) 26. Nf7 Bxf7 27. Rxh8 b5 28. Rd1 b4 29. axb4 Qxb4 30. Rd7 Bc4 31. Rxg7 Qc5 32. Rhh7 Qg1+ 33. Bd1 Qe1 34. Rxc7+ Kb6 35. Rhg7 (35. Rb7+ $142 Kc5 36. Rhd7 Bb5 37. Nxb5 cxb5 38. h6 Qh4 39. h7 b4 40. Rbc7+ Kb6 41. Rc8) 35... Be2 36. Rb7+ Kc5 37. b4+ (37. Rgd7 $142 Bb5 38. h6 f5 39. exf5 Qh1 40. f6 Kb4 41. f7 Qf1 42. Na2+ Ka5 43. b4+ Ka4 44. Ra7+ Ba6 45. f8=Q $1 {[%mdl 512]} Qc4 46. Qc5 $1 {[%mdl 512]} Qxa2+ 47. Kxa2 e4 48. Rxa6#) 37... Kd4 38. Nxe2+ Kxe4 39. Kc1 Qh1 40. Nc3+ (40. Ng3+ $142 Kf4 41. Nxh1 e4 42. h6 Ke3 43. h7 Kf4 44. h8=Q Ke3 45. Qf8 f5 46. Qxf5 Kd4 47. Qc5#) 40... Kd4 41. Kb2 f5 42. Rbd7+ Kc4 43. Be2+ Kxb4 44. Rb7+ Kc5 45. Na4+ (45. Rg6 $142 Qh4 46. h6 e4 47. h7 Kd4 48. Rg8 Qh3 49. h8=Q+ Qxh8 50. Rxh8) 45... Kd4 46. Rgd7+ Ke3 47. Bc4 e4 48. h6 Qxh6 49. Rb3+ Kf2 50. Nc3 e3 51. Re7 f4 52. Nd1+ Ke1 53. Nxe3 $2 (53. Kc1 Qg5 {[#]} 54. Re4 $1 {[%mdl 512]}) 53... fxe3 $2 (53... Qf6+ $18 54. Kb1 Qxe7 55. Ng2+ {[%mdl 64] Double Attack} Kf2) 54. Rbxe3+ {Accuracy: White = 66%, Black = 32%.} 1-0

[Event "Stay Safe Play From Home 357"]
[Site "Emanuel Lasker Arena"]
[Date "2020.08.04"]
[Round "5"]
[White "Haris kollari 13"]
[Black "Klasman"]
[Result "1-0"]
[WhiteElo "1894"]
[BlackElo "1540"]
[Annotator "NA RC"]
[PlyCount "31"]
[EventDate "2020.08.04"]
[EventType "swiss (blitz)"]

1. e4 {[%emt 0:00:31]} f5 {[%emt 0:02:07]} 2. exf5 {[%emt 0:00:11]} Nf6 {[%emt 0:00:01]} 3. g4 {[%emt 0:00:05]} h6 {[%emt 0:00:01]} 4. f4 {[%emt 0:00:02]} d5 {[%emt 0:00:07]} 5. Bg2 {[%emt 0:00:04]} e6 {[%emt 0:00:03]} 6. fxe6 {[%emt 0:00:02]} Bxe6 {[%emt 0:00:03]} 7. f5 {[%emt 0:00:01]} Bf7 {[%emt 0:00:01]} 8. Qe2+ {[%emt 0:00:01]} Be7 {[%emt 0:00:02]} 9. d3 {[%emt 0:00:02]} Nc6 {[%emt 0:00:01]} 10. Nc3 {[%emt 0:00:03]} Nd4 {[%emt 0:00:03]} 11. Qd1 {[%emt 0:00:03]} Nxg4 {[%emt 0:00:09]} 12. Qxg4 {[%emt 0:00:09]} Nxc2+ {[%emt 0:00:03]} 13. Kd1 {[%emt 0:00:01]} Nxa1 {[%emt 0:00:01]} 14. Bf4 {[%emt 0:00:02]} h5 {[%emt 0:00:14]} 15. Qf3 {[%emt 0:00:05]} c6 {[%emt 0:00:19]} 16. Nge2 {[%emt 0:00:09] Time Time Time Time Time (Lag: Av=0.50s, max=0.6s) (Lag: Av=0.50s, max=0.6s) (Lag: Av=0.50s, max=0.6s) (Lag: Av=0.50s, max=0.6s) (Lag: Av=0.50s, max=0.6s)} 1-0